| 000 | 00435nab a2200145Ia 4500 | ||
|---|---|---|---|
| 003 | ES-SlBCS | ||
| 005 | 20210601124259.0 | ||
| 008 | 140529s1956 xxu||||| |||| 00| 0 eng d | ||
| 041 | _aeng | ||
| 100 | 1 |
_aMccann, Jerome _9139023 |
|
| 245 | 0 | 4 |
_aThe Priesthood in the Old Testament _c Jerome Mccann |
| 650 | 0 | 4 |
_aSacerdocio-Antiguo Testamento _9139024 |
| 773 | 0 |
_tDominicana _gvol. 41, nº. 2, 1956, págs. 109-119 _wRev1398 |
|
| 942 | _cAR | ||
| 999 |
_c512234 _d512234 |
||